书目信息 |
| 题名: |
新编英汉翻译实用教程
|
|
| 作者: | 王国凤 编著 | |
| 分册: | ||
| 出版信息: | 杭州 浙江大学出版社 2014.09 |
|
| 页数: | 244页 | |
| 开本: | 26cm | |
| 丛书名: | 东方剑桥英语专业系列教材 | |
| 单 册: | ||
| 中图分类: | H315.9 | |
| 科图分类: | ||
| 主题词: | 英语--ying yu--翻译--高等学校--教材 | |
| 电子资源: | ||
| ISBN: | 978-7-308-13707-2 | |
| 000 | 01370nam 2200301 450 | |
| 001 | CAL 0120141399276 | |
| 005 | 20150823151919.60 | |
| 010 | @a978-7-308-13707-2@dCNY36.00 | |
| 100 | @a20141017d2014 em y0chiy50 ea | |
| 101 | 0 | @achi@aeng |
| 102 | @aCN@b330000 | |
| 105 | @aa z 000yy | |
| 106 | @ar | |
| 200 | 1 | @a新编英汉翻译实用教程@Axin bian ying han fan yi shi yong jiao cheng@d= A new practical coursebook for English-Chinese translation@f王国凤编著@Fwang guo feng bian zhu@zeng |
| 210 | @a杭州@c浙江大学出版社@d2014.09 | |
| 215 | @a244页@c图@d26cm | |
| 225 | 2 | @a东方剑桥英语专业系列教材@Adong fang jian qiao ying yu zhuan ye xi lie jiao cai |
| 300 | @a本教材为浙江大学宁波理工学院教材建设项目 | |
| 330 | @a本教材为综合性基础翻译教程, 针对本科生从事一般性翻译活动、英语专业八级翻译训练、大学外语拓展翻译训练而编写。理论与实践相结合, 运用文体学和功能翻译理论, 精讲精练 ; 涵盖面广, 突出实用性, 包括各种常用文体 ; 材料兼顾经典性与时代性, 内容丰富。 | |
| 410 | 0 | @12001 @a东方剑桥英语专业系列教材 |
| 510 | 1 | @aNew practical coursebook for English-Chinese translation@zeng |
| 517 | 1 | @a英汉翻译实用教程@Aying han fan yi shi yong jiao cheng |
| 586 | @a | |
| 606 | 0 | @a英语@Aying yu@x翻译@x高等学校@j教材 |
| 690 | @aH315.9@v5 | |
| 701 | 0 | @a王国凤@Awang guo feng@4编著 |
| 801 | 0 | @aCN@c20150820 |
| 905 | @a河南城建学院图书馆@dH315.9@eW190@f3 | |
| 新编英汉翻译实用教程= A new practical coursebook for English-Chinese translation/王国凤编著.-杭州:浙江大学出版社,2014.09 |
| 244页:图;26cm.-(东方剑桥英语专业系列教材) |
| 本教材为浙江大学宁波理工学院教材建设项目 |
| ISBN 978-7-308-13707-2:CNY36.00 |
| 本教材为综合性基础翻译教程, 针对本科生从事一般性翻译活动、英语专业八级翻译训练、大学外语拓展翻译训练而编写。理论与实践相结合, 运用文体学和功能翻译理论, 精讲精练 ; 涵盖面广, 突出实用性, 包括各种常用文体 ; 材料兼顾经典性与时代性, 内容丰富。 |
| ● |
| 相关链接 |
|
|
|
正题名:新编英汉翻译实用教程
索取号:H315.9/W190
 
预约/预借
| 序号 | 登录号 | 条形码 | 馆藏地/架位号 | 状态 | 备注 |
| 1 | 1169581 | 211695815 | 语言库209/209语言库 39排5列6层/ [索取号:H315.9/W190] | 在馆 | |
| 2 | 1169582 | 211695824 | 语言库209/209语言库 39排5列6层/ [索取号:H315.9/W190] | 在馆 | |
| 3 | 1169583 | 211695833 | 语言库209/209语言库 39排5列6层/ [索取号:H315.9/W190] | 在馆 |